000
00338nam a22001577a 4500
003
SGT
020
_a
978-81-909-385-01
082
_a
616.01
_b
E17W
100
_a
WANI.I.A
245
_a
EXPERIMENTS IN MICROBIOLOGY
250
_a
2ND
260
_a
JALANDHAR
_b
S.VIKASH
_c
2017
300
_a
280
650
_a
PHARMACY
942
_2
ddc
_c
BK
_0
11
999
_c
17337
_d
17337